Score 0/31 Timer 08:00
0 Plays Today
Series Opponent % Correct
Robot Wars: Series 10Apollo
86.7%
Robot Wars: Series 10Apollo
86.7%
Robot Wars: Series 8Eruption
76.7%
Robot Wars: Series 10Eruption
76.7%
Robot Wars: The Sixth WarsTerrorhurtz
60%
Robot Wars: Series 9Aftershock
60%
Robot Wars: Series 9Terrorhurtz
60%
Robot Wars: Series 9Aftershock
60%
Robot Wars: Series 9Aftershock
60%
Robot Wars: Series 10Terrorhurtz
60%
Robot Wars: Series 10Thor
56.7%
Robot Wars: Series 10Concussion
53.3%
Robot Wars: Series 10Iron-Awe 6
53.3%
Robot Wars: Series 10The Swarm
50%
Robot Wars: The Fifth WarsEvolution
46.7%
Robot Wars: The Sixth WarsA-Kill
46.7%
Series Opponent % Correct
Robot Wars: Series 10Donald Thump
46.7%
Robot Wars: Series 10Track-tion
46.7%
Robot Wars: Series 8Storm 2
43.3%
Robot Wars: Series 10Behemoth
43.3%
Robot Wars: Series 9Jellyfish
43.3%
Robot Wars: Series 10Cobra
43.3%
Robot Wars: Series 10Apocalypse
36.7%
Robot Wars: Series 10Big Nipper
36.7%
Robot Wars: Series 10Diotoir
36.7%
Robot Wars: Series 10Expulsion
33.3%
Robot Wars: The Sixth WarsReptirron The Second
23.3%
Robot Wars: Series 8Terror Turtle
23.3%
Robot Wars: Series 9Crank-E
20%
Robot Wars: Series 10Rabid M8
16.7%
Robot Wars: Series 9TMHWK
10%
Remove Ads.
Support Sporcle.
Get the best of Sporcle when you Go Orange. This ad-free experience offers more features, more stats, and more fun while also helping to support Sporcle. Thank you for becoming a member.

You're not logged in!

Compare scores with friends on all Sporcle quizzes.
OR
Log In

Show Comments

Extras

Top Quizzes Today


Score Distribution

Your Account Isn't Verified!

In order to create a playlist on Sporcle, you need to verify the email address you used during registration. Go to your Sporcle Settings to finish the process.

Report this User

Report this user for behavior that violates our Community Guidelines.

Details: